Nový klub HZDS v Rožňave

Bibliographic Details
Main Author: (aj) (Author)
Format: Article
Language:Slovak
Subjects:

MARC

LEADER 00000nab a2200000 a 4500
001 vtls001004035
003 SK-MaSNL
005 20260303201104.0
008 040720e19980317xo 0 slo
035 |a RV4635 
040 |a RVGKPD  |b slo  |c RVGKPD  |e AACR2 
041 0 |a slo 
044 |a xo  |c SK 
080 |a 329.7(437.6)  |2 1981 
080 |a 397  |2 1981 
100 0 |a (aj)  |4 aut  |9 901606 
245 1 0 |a Nový klub HZDS v Rožňave 
518 |a marec 1998 
610 2 7 |a Hnutie za demokratické Slovensko  |2 RVGKPD  |9 14440 
650 0 7 |a kluby rómske  |2 RVGKPD  |9 1026996 
650 0 7 |a založenie  |2 RVGKPD  |9 431500 
651 7 |a Rožňava (Slovensko)  |2 RVGKPD  |9 17394 
773 0 8 |t Zora Gemera  |g Roč. 6, č.11, 17.3.1998, s. 2 
852 |a ZVYKNI  |b KIS3GCP 
999 |c 2171806  |d 2173736